004090000a220010900045001000027000007000031000277000031000587000026000892450146001150410013002617730025002741 aZamora Muñoz, Carmen1 aSáenz Cantero, Carmen E.1 aSánchez Ortega, Antonino1 aAlba Tercedor, Javier10aAre biological inidces BMPWsand ASPT and their significanceregarding water quality seasonally dependent? factors explaining their variations0 aInglés1 h1q285-290d1995g29